Polyfunkčná budova - monolitická železobetónová konštrukcia
Enregistré dans:
| Auteur principal: | |
|---|---|
| Autres auteurs: | |
| Format: | Manuscrit Livre |
| Langue: | slovaque |
| Publié: |
2025
|
| Sujets: | |
| Accès en ligne: | http://is.stuba.sk/zp/portal_zp.pl?podrobnosti=181886 CRZP |
| Tags: |
Pas de tags, Soyez le premier à ajouter un tag!
|
MARC
| LEADER | 00000ntm a22000003a 4500 | ||
|---|---|---|---|
| 001 | stuzp105908 | ||
| 003 | SK-STU | ||
| 005 | 20250801111035.3 | ||
| 007 | ta | ||
| 008 | 150427s2015----xo-----f-mn---000-0-slo-d | ||
| 040 | |a STU |b slo | ||
| 041 | 0 | |a slo | |
| 100 | 1 | |a Šmidt, Jakub |u 010110 |4 aut |U SvF Stavebná fakulta |T SvF Katedra betónových konštrukcií a mostov |X 104669 |U V110 |Y 11 |7 104669 | |
| 242 | 0 | 1 | |a Multifunctional building - cast in-situ reinforced concrete structure |y eng |
| 245 | 1 | 0 | |a Polyfunkčná budova - monolitická železobetónová konštrukcia |
| 260 | |c 2025 | ||
| 650 | 4 | |a reinforced concrete |2 eng | |
| 650 | 4 | |a ceiling slab analysis |2 eng | |
| 650 | 4 | |a post-tensioning |2 eng | |
| 650 | 4 | |a dodatočné predpätie |2 slo | |
| 650 | 4 | |a železobetón |2 slo | |
| 650 | 4 | |a analýza stropnej dosky |2 slo | |
| 700 | 1 | |a Majtánová, Lucia |u 010110 |k Z2 |4 ths |U SvF Stavebná fakulta |T SvF Katedra betónových konštrukcií a mostov |X 50518 |U V110 |Y 11 |7 A000050518 | |
| 856 | 4 | |u http://is.stuba.sk/zp/portal_zp.pl?podrobnosti=181886 | |
| 856 | 4 | |u https://opac.crzp.sk/?fn=detailBiblioForm&sid=226A7A544DA3649F675339E9F6D0 |z CRZP | |